000 00577nam a2200181 4500
001 208
005 20181127160842.0
020 0 0 _a9780070660199
090 0 0 _a658 W4199m 2008
100 0 0 _aWeihrich, Heinz.
245 0 0 _aManagement:
_ba global and entrepreneurial perspective /
_cHeinz Weihrich, Mark V. Cannice, Harold Koontz
_h
250 0 0 _a12th ed.
260 0 0 _aNew Delhi :
_bTata McGraw-Hill,
_c2008.
300 0 0 _axxxvii, 527 p.
650 0 0 _aManagement.
_x
700 _aCannice, Mark V.
_b
_c
_d
_e
_k
_l
_m
_n
_o
_p
_q
_r
_s
_t
700 _aKoontz, Harold.
_b
_c
_d
_e
_k
_l
_m
_n
_o
_p
_q
_r
_s
_t
999 _c188
_d188